LEADER 01250nam a2200265 i 4500 001 000000107284 003 CaOOAMICUS 005 20071002110347.0 008 071002s1957 gw 000 u ger c 040 $aPUG$bita$dPUL$dLDB 041 0 $ager$agrc 245 00$aMatthäus-Kommentare aus der griechischen Kirche /$caus Katenenhandschriften gesammelt und hrsg. von Joseph Reuss. 260 $aBerlin :$bAkademie-Verlag,$c1957. 300 $axlvii, 463 p. ;$c25 cm 490 1 $aTexte und Untersuchungen zur Geschichte der altchristlichen Literatur ;$v061,6 ,5 546 $aTesto in greco, introduzione in tedesco. 630 04$aBiblia.$pN.T.$pMatthaeus$xCommenti.$0(OLS)http://pul/subject/37786 700 1 $aReuss, Joseph.$0(OLS)http://pul/name/13765 830 0$aTexte und Untersuchungen zur Geschichte der altchristlichen Literatur ;$v061,6 ,5.$0(OLS)http://pul/title/1074 850 $aPUL 852 $aPUL$W1$xSL Religione 1$y3$m24 I 61$j121904$qStampati$B120892$CPULBib$Z2$F120892 $H19215 $82 941 1 $a8 961 $aSta con AN 24388 996 $6245$aMatthäus-Kommentare aus der griechischen Kirche$9(OLS)http://pul/title/135099 996 $6260$aBerlin :$bAkademie-Verlag$9(OLS)http://pul/publisher/47843 LEADER 01452namaa2200313 a 4500 001 000000177048 003 CaOOAMICUS 005 20240704151736.0 006 a 000 u 008 240704s2023 it u000 u ita r 032 $aLibriCat 040 $aPUL$bita 100 1 $aPoli, Paolo Stefano.$0(OLS)http://pul/name/113819 245 12$aL'incontro con Gesù risorto :$bfenomenologia e linguaggio dell'inizio della fede cristiana /$cPaolo Stefano Poli. 260 $aMilano :$bGlossa,$c2023. 300 $axiii, 314 pagine ;$c22 cm 440 0$aDissertatio.$pSeries Mediolanensis ;$v36 500 $aTesto in italiano e passi in greco. 502 $aTesi di dottorato--Facoltà Teologica dell'Italia Settentrionale, 2023, n.107. 504 $aIndicazioni bibliografiche nelle note. 650 4$aCristologia$xStudi.$0(OLS)http://pul/subject/36480 830 0$aDissertatio.$pSeries Mediolanensis ;$v36.$0(OLS)http://pul/title/71364 850 $aPUL 852 $aPUL$W1$xDP1 Tesi Fac It.Settentrionale$y34$m2023 B 2$j200178$qDDC 21$B206002$CPULBib$Z2$F206002 $Hnull $82 941 1 $a16 996 $6245$aL'incontro con Gesù risorto :$bfenomenologia e linguaggio dell'inizio della fede cristiana$9(OLS)http://pul/title/218564 996 $6440$aDissertatio.$pSeries Mediolanensis$9(OLS)http://pul/title/71364 996 $6260$aMilano :$bGlossa$9(OLS)http://pul/publisher/53656